[Event "Verbandsliga Suedbaden 1920"]
[Site "Baden"]
[Date "2020.03.08"]
[Round "7.3"]
[White "Doll, Stefan"]
[Black "Schaedler, Juergen"]
[Result "1-0"]
[WhiteElo "2144"]
[BlackElo "2080"]
[PlyCount "107"]
[EventDate "2019.09.29"]
[EventType "team-tourn"]
[EventRounds "9"]
[EventCountry "GER"]
[SourceTitle "EXT 2021"]
[Source "ChessBase"]
[SourceDate "2020.10.23"]
[SourceVersion "1"]
[SourceVersionDate "2020.10.23"]
[SourceQuality "1"]
[WhiteTeam "Baden-Baden V"]
[BlackTeam "Konstanz"]
[WhiteTeamCountry "GER"]
[BlackTeamCountry "GER"]

1. e4 e6 2. d4 d5 3. Nd2 Nf6 4. e5 Nfd7 5. Bd3 c5 6. c3 Nc6 7. Ne2 cxd4 8. cxd4 Nb6 9. 0-0 Bd7 10. Kh1 g6 11. f4 h5 12. Nf3 Nb4 13. Bb1 a5 14. a3 Nc6 15. b3 a4 16. b4 Na7 17. Ng5 Bh6 18. Rf3 Qe7 19. Rg3 0-0-0 20. Bc2 Kb8 21. Nc3 Qe8 22. f5 gxf5 23. Qxh5 Bxg5 24. Qxg5 Rc8 25. Bf4 Rc4 26. Bd1 Nac8 27. Ne2 Ne7 28. Be3 Ng6 29. Nf4 Nxf4 30. Qxf4 Rc8 31. Rg7 Nc4 32. Bc1 Nb6 33. h4 Qf8 34. Rg3 Ka7 35. Rh3 Nc4 36. h5 f6 37. h6 fxe5 38. dxe5 Rh7 39. Bh5 Be8 40. Be2 Qh8 41. Qd4+ Kb8 42. Bg5 Bg6 43. Rc1 Rhc7 44. Rhc3 Qe8 45. Bxc4 Rxc4 46. Rxc4 Rxc4 47. Rxc4 dxc4 48. Be3 c3 49. Qd6+ Ka8 50. Qb6 Kb8 51. Bc5 Qd7 52. Bd6+ Kc8 53. Qa7 Qc6 54. b5 1-0

[Event "Verbandsliga Suedbaden 1920"]
[Site "Baden"]
[Date "2019.09.29"]
[Round "1.4"]
[White "Schaedler, Juergen"]
[Black "Germer, Philipp"]
[Result "1/2-1/2"]
[WhiteElo "2080"]
[BlackElo "2132"]
[PlyCount "137"]
[EventDate "2019.09.29"]
[EventType "team-tourn"]
[EventRounds "9"]
[EventCountry "GER"]
[SourceTitle "EXT 2021"]
[Source "ChessBase"]
[SourceDate "2020.10.23"]
[SourceVersion "1"]
[SourceVersionDate "2020.10.23"]
[SourceQuality "1"]
[WhiteTeam "Konstanz"]
[BlackTeam "Oberwinden"]
[WhiteTeamCountry "GER"]
[BlackTeamCountry "GER"]

1. d4 d5 2. c4 e6 3. Nc3 c6 4. e3 Bd6 5. Nf3 Nf6 6. Qc2 Nbd7 7. Be2 0-0 8. 0-0 Re8 9. e4 dxe4 10. Nxe4 Nxe4 11. Qxe4 e5 12. dxe5 Nxe5 13. Qc2 Qf6 14. c5 Bf5 15. Qb3 Bxc5 16. Be3 Bxe3 17. fxe3 Qe6 18. Qxe6 Nxf3+ 19. Bxf3 Bxe6 20. Rfd1 Rad8 21. b3 Kf8 22. Kf2 Ke7 23. Rd4 Rxd4 24. exd4 Kd6 25. Re1 f6 26. g3 a5 27. Re2 Re7 28. Rc2 Bd5 29. Bxd5 Kxd5 30. Rc5+ Kxd4 31. Rxa5 b5 32. b4 Kd3 33. h4 g5 34. Ra6 Re6 35. Ra8 gxh4 36. gxh4 Re4 37. Rc8 Rxb4 38. Rxc6 Rxh4 39. a3 Ke4 40. a4 Rf4+ 41. Kg3 Rf3+ 42. Kg2 bxa4 43. Rc4+ Kd5 44. Rxa4 Rf5 45. Kg3 Ke5 46. Ra5+ Ke6 47. Ra7 Rg5+ 48. Kf4 h6 49. Ra8 Rb5 50. Re8+ Kf7 51. Ra8 Rb1 52. Kf5 Rf1+ 53. Kg4 f5+ 54. Kg3 Kg6 55. Rg8+ Kh5 56. Rf8 Kg5 57. Rg8+ Kf6 58. Rf8+ Kg7 59. Ra8 h5 60. Rb8 Kf7 61. Rh8 h4+ 62. Rxh4 Kg6 63. Rh8 Rg1+ 64. Kf2 Ra1 65. Kf3 Ra3+ 66. Kf4 Ra4+ 67. Kf3 Kg5 68. Rg8+ Kh6 69. Rb8 1/2-1/2

[Event "Verbandsliga Suedbaden 1819"]
[Site "Baden"]
[Date "2019.01.13"]
[Round "4.3"]
[White "Schaedler, Juergen"]
[Black "Schuh, Hubert"]
[Result "1/2-1/2"]
[WhiteElo "2098"]
[BlackElo "2292"]
[PlyCount "48"]
[EventDate "2018.10.14"]
[EventType "team-tourn"]
[EventRounds "9"]
[EventCountry "GER"]
[SourceTitle "EXT 2020"]
[Source "ChessBase"]
[SourceDate "2019.10.17"]
[SourceVersion "1"]
[SourceVersionDate "2019.10.17"]
[SourceQuality "1"]
[WhiteTeam "Konstanz"]
[BlackTeam "Kuppenheim"]
[WhiteTeamCountry "GER"]
[BlackTeamCountry "GER"]

1. d4 Nf6 2. Nf3 d6 3. c4 Nbd7 4. Nc3 c6 5. e3 e5 6. Be2 Be7 7. 0-0 0-0 8. Qc2 Re8 9. dxe5 dxe5 10. b3 Qc7 11. Bb2 Bf8 12. Nd2 a5 13. a3 Be7 14. Rfd1 h6 15. Nce4 Nxe4 16. Nxe4 Nc5 17. Nxc5 Bxc5 18. Bc3 Qe7 19. Qb2 Qg5 20. b4 axb4 21. axb4 Rxa1 22. Rxa1 Bb6 23. c5 Bc7 24. e4 Rd8 1/2-1/2

[Event "Verbandsliga Suedbaden 1415"]
[Site "Baden"]
[Date "2015.03.01"]
[Round "7.4"]
[White "Schmidt, Jens Uwe"]
[Black "Schaedler, Juergen"]
[Result "1/2-1/2"]
[WhiteElo "2098"]
[BlackElo "2070"]
[PlyCount "50"]
[EventDate "2014.10.12"]
[EventType "team-tourn"]
[EventRounds "9"]
[EventCountry "GER"]
[SourceTitle "EXT 2022"]
[Source "ChessBase"]
[SourceDate "2021.10.06"]
[SourceVersion "1"]
[SourceVersionDate "2021.10.06"]
[SourceQuality "1"]
[WhiteTeam "Lahr"]
[BlackTeam "Konstanz"]
[WhiteTeamCountry "GER"]
[BlackTeamCountry "GER"]

1. e4 c5 2. Nc3 Nc6 3. g3 g6 4. Bg2 Bg7 5. d3 d6 6. Be3 Rb8 7. Qd2 b5 8. f4 Nd4 9. Nd1 b4 10. c3 bxc3 11. bxc3 Nc6 12. Ne2 Bd7 13. 0-0 Nf6 14. Nf2 0-0 15. e5 dxe5 16. fxe5 Nxe5 17. Bxc5 Bc6 18. Bxc6 Nxc6 19. d4 Qd7 20. Qc2 Rb7 21. Rab1 Rfb8 22. c4 e6 23. Rfd1 Rxb1 24. Rxb1 Rd8 25. Qb3 Rc8 1/2-1/2

[Event "Verbandsliga Suedbaden 1415"]
[Site "Baden"]
[Date "2014.11.23"]
[Round "3.5"]
[White "Buttenmueller, Paul"]
[Black "Schaedler, Juergen"]
[Result "1-0"]
[WhiteElo "1915"]
[BlackElo "2070"]
[PlyCount "122"]
[EventDate "2014.10.12"]
[EventType "team-tourn"]
[EventRounds "9"]
[EventCountry "GER"]
[SourceTitle "EXT 2022"]
[Source "ChessBase"]
[SourceDate "2021.10.06"]
[SourceVersion "1"]
[SourceVersionDate "2021.10.06"]
[SourceQuality "1"]
[WhiteTeam "Horben"]
[BlackTeam "Konstanz"]
[WhiteTeamCountry "GER"]
[BlackTeamCountry "GER"]

1. d4 Nf6 2. c4 e6 3. Nf3 Bb4+ 4. Bd2 Qe7 5. a3 Bxd2+ 6. Qxd2 d6 7. Nc3 a5 8. e4 Nc6 9. e5 dxe5 10. dxe5 Nd7 11. Qe3 Qc5 12. Qxc5 Nxc5 13. Nb5 Na6 14. g3 Bd7 15. Bg2 0-0-0 16. 0-0 Nc5 17. b4 Nd3 18. bxa5 Nxa5 19. Rab1 h6 20. Rfd1 Be8 21. Bf1 Nc5 22. Na7+ Kb8 23. Rxd8+ Kxa7 24. Nd4 c6 25. f4 b6 26. Nf3 Kb7 27. Rdd1 Kc7 28. Nd2 Bd7 29. Kf2 Bc8 30. Ke3 Ba6 31. Rbc1 Ra8 32. Ne4 Nxe4 33. Kxe4 Nb3 34. Rc3 Nc5+ 35. Ke3 Bb7 36. g4 Na4 37. Rcd3 Nc5 38. Rc3 Na4 39. Rc2 Nc5 40. Ra2 Nb3 41. Rb1 Nc5 42. f5 Re8 43. Kf4 Rd8 44. Rab2 Rd4+ 45. Kf3 Nd7 46. Re1 Ba6 47. Re4 Rd1 48. Be2 Ra1 49. Re3 Nc5 50. Rd2 Rc1 51. Rd4 Bc8 52. Kf4 f6 53. Rd1 fxe5+ 54. Kxe5 Rc2 55. h4 h5 56. Rg1 hxg4 57. Rxg4 Nd7+ 58. Kd4 exf5 59. Rxg7 f4 60. Ree7 Kd8 61. Bg4 Nc5 1-0

[Event "Stein am Rhein op 2nd"]
[Site "Stein am Rhein"]
[Date "2014.03.01"]
[Round "2"]
[White "Estevez Sacristan, Deva"]
[Black "Schaedler, Juergen"]
[Result "0-1"]
[WhiteElo "1479"]
[BlackElo "2082"]
[PlyCount "76"]
[EventDate "2014.02.28"]
[EventType "swiss"]
[EventRounds "5"]
[EventCountry "SUI"]
[SourceTitle "CBM 159 Extra"]
[Source "ChessBase"]
[SourceDate "2014.04.24"]
[SourceVersion "1"]
[SourceVersionDate "2014.04.24"]
[SourceQuality "1"]

1. e4 c5 2. Nf3 a6 3. d4 cxd4 4. Nxd4 Nf6 5. Nc3 e5 6. Nf3 Bb4 7. Bd3 d5 8. Bd2 Bxc3 9. Bxc3 dxe4 10. Bb5+ axb5 11. Qxd8+ Kxd8 12. Nxe5 Be6 13. 0-0-0+ Ke8 14. Rd6 Rxa2 15. Rhd1 Ra1+ 16. Kd2 Rxd1+ 17. Kxd1 Nbd7 18. h3 Nd5 19. Bd4 Ke7 20. Rxd7+ Bxd7 21. Nxd7 Kxd7 22. Bxg7 Rg8 23. Bd4 Rxg2 24. Ke2 Rh2 25. Kd2 e3+ 26. Bxe3 Nxe3 27. Kxe3 Rxh3+ 28. f3 Rg3 29. c3 h5 30. Kf2 Rg8 31. f4 h4 32. Ke3 h3 33. Kd4 h2 34. Kd3 h1Q 35. Kc2 Rg2+ 36. Kb3 Qc1 37. Ka3 Rxb2 38. c4 Qa1# 0-1

[Event "Verbandsliga Sued Baden 0708"]
[Site "Germany"]
[Date "2007.10.14"]
[Round "1.3"]
[White "Dobschat, Benjamin"]
[Black "Schaedler, Juergen"]
[Result "1-0"]
[WhiteElo "2080"]
[BlackElo "2048"]
[PlyCount "73"]
[EventDate "2007.10.14"]
[EventType "team"]
[EventRounds "9"]
[EventCountry "GER"]
[SourceTitle "EXT 2009"]
[Source "ChessBase"]
[SourceDate "2008.11.26"]
[SourceVersion "1"]
[SourceVersionDate "2008.11.26"]
[SourceQuality "1"]
[WhiteTeam "Kehl"]
[BlackTeam "Gottmadingen"]
[WhiteTeamCountry "GER"]
[BlackTeamCountry "GER"]

1. e4 e6 2. d4 d5 3. Nd2 Nf6 4. e5 Nfd7 5. Bd3 c5 6. c3 Nc6 7. Ne2 cxd4 8. cxd4 Nb6 9. 0-0 Bd7 10. f4 g6 11. Nf3 a5 12. Kh1 h5 13. Qe1 a4 14. Qg3 Ne7 15. Ng5 Nf5 16. Qf2 Be7 17. Ng1 Kf8 18. N1f3 Qe8 19. Re1 Bb5 20. Bb1 Nc4 21. g3 a3 22. b3 Na5 23. Bd2 Nc6 24. Kg2 Nb4 25. h3 Nh6 26. Nh4 Nd3 27. Bxd3 Bxd3 28. Qe3 Qb5 29. Rac1 Nf5 30. Nxf5 gxf5 31. Rc7 Be4+ 32. Kf2 h4 33. Rec1 hxg3+ 34. Qxg3 Rd8 35. Rg1 Ke8 36. Nxe6 Bh4 37. Qxh4 1-0

[Event "Verbandsliga Sued Baden 0607"]
[Site "Germany"]
[Date "2007.03.25"]
[Round "8.2"]
[White "Schaedler, Juergen"]
[Black "Valevsky, Libor"]
[Result "1/2-1/2"]
[WhiteElo "2037"]
[BlackElo "2208"]
[PlyCount "58"]
[EventDate "2006.10.22"]
[EventType "team"]
[EventRounds "9"]
[EventCountry "GER"]
[SourceTitle "EXT 2008"]
[Source "ChessBase"]
[SourceDate "2007.11.25"]
[SourceVersion "1"]
[SourceVersionDate "2007.11.25"]
[SourceQuality "1"]
[WhiteTeam "Gottmadingen"]
[BlackTeam "Ebringen"]
[WhiteTeamCountry "GER"]
[BlackTeamCountry "GER"]

1. Nf3 d5 2. d4 Nf6 3. e3 c6 4. c3 Bf5 5. Bd3 Be4 6. 0-0 Nbd7 7. Bxe4 Nxe4 8. Nbd2 Nef6 9. Qe2 e6 10. e4 dxe4 11. Nxe4 Nxe4 12. Qxe4 Nf6 13. Qe2 Bd6 14. Nd2 Qc7 15. Nf3 0-0 16. Bg5 Nd5 17. c4 Nf4 18. Bxf4 Bxf4 19. Qe4 g6 20. Rad1 Rad8 21. g3 Bh6 22. Rd3 Bg7 23. b3 Rfe8 24. Rfd1 Qa5 25. a4 Qb4 26. Ne5 Qe7 27. Kg2 Rd6 28. Qe1 Red8 29. Nf3 Qd7 1/2-1/2

[Event "Verbandsliga Sued Baden 0607"]
[Site "Germany"]
[Date "2006.11.26"]
[Round "3.5"]
[White "Rueckleben, Hermann"]
[Black "Schaedler, Juergen"]
[Result "0-1"]
[WhiteElo "1883"]
[BlackElo "2037"]
[PlyCount "102"]
[EventDate "2006.10.22"]
[EventType "team"]
[EventRounds "9"]
[EventCountry "GER"]
[SourceTitle "EXT 2008"]
[Source "ChessBase"]
[SourceDate "2007.11.25"]
[SourceVersion "1"]
[SourceVersionDate "2007.11.25"]
[SourceQuality "1"]
[WhiteTeam "Iffezheim"]
[BlackTeam "Gottmadingen"]
[WhiteTeamCountry "GER"]
[BlackTeamCountry "GER"]

1. c4 Nf6 2. g3 c5 3. Bg2 d5 4. cxd5 Nxd5 5. Nc3 Nc7 6. d3 e5 7. f4 exf4 8. Bxf4 Be7 9. Nf3 Nc6 10. 0-0 0-0 11. Kh1 Be6 12. Rc1 Rc8 13. b3 f6 14. Nd2 Nd5 15. Nxd5 Bxd5 16. Nf3 Qd7 17. e4 Be6 18. Be3 b6 19. Qe2 Rfd8 20. Rfd1 Bg4 21. Qb2 Qe6 22. Rd2 Rd7 23. Ne1 Rcd8 24. Qb1 Bd6 25. Bf3 Be5 26. Bxg4 Qxg4 27. Rf2 Bd4 28. Bxd4 Rxd4 29. Rc4 Ne5 30. Rxd4 Rxd4 31. Kg2 Qd7 32. Qc2 Ng4 33. Rf3 h6 34. h3 Ne5 35. Re3 Kh8 36. Qe2 a5 37. Qf1 a4 38. Nf3 Nxf3 39. Qxf3 axb3 40. axb3 Qe6 41. e5 fxe5 42. Qf8+ Kh7 43. Rf3 Qg6 44. Qb8 Rxd3 45. Rxd3 Qxd3 46. Qxb6 Qe2+ 47. Kg1 Qe3+ 48. Kg2 e4 49. Qe6 Qf3+ 50. Kh2 e3 51. b4 e2 0-1

[Event "Oberliga Baden 0203"]
[Site "Germany"]
[Date "2003.03.30"]
[Round "9.5"]
[White "Schaedler, Juergen"]
[Black "Milosevic, Goran"]
[Result "0-1"]
[WhiteElo "2120"]
[BlackElo "2387"]
[PlyCount "76"]
[EventDate "2002.10.20"]
[EventType "team-tourn"]
[EventRounds "9"]
[EventCountry "GER"]
[SourceTitle "EXT 2018"]
[Source "ChessBase"]
[SourceDate "2017.10.13"]
[SourceVersion "1"]
[SourceVersionDate "2017.10.13"]
[SourceQuality "1"]
[WhiteTeam "Gottmadingen"]
[BlackTeam "Konstanz"]
[WhiteTeamCountry "GER"]
[BlackTeamCountry "GER"]

1. d4 Nf6 2. Nf3 e6 3. e3 b6 4. Bd3 Bb7 5. Nbd2 Be7 6. 0-0 0-0 7. c3 d5 8. Ne5 Nbd7 9. f4 Ne4 10. Ndf3 c5 11. Bd2 a5 12. Be1 Nb8 13. Nd2 f6 14. Ng4 Nd7 15. Nxe4 dxe4 16. Bc4 Bd5 17. Be2 f5 18. Ne5 Nxe5 19. dxe5 c4 20. Bf2 Qc7 21. Kh1 b5 22. g4 Rfd8 23. gxf5 exf5 24. Qe1 Bc5 25. Rg1 Be6 26. Rd1 Rxd1 27. Bxd1 Rd8 28. Be2 Rd7 29. Qc1 Qb6 30. Rd1 Rd3 31. Rxd3 cxd3 32. Bd1 Bxa2 33. b3 a4 34. bxa4 bxa4 35. Bxa4 Qb1 36. Qxb1 Bxb1 37. Bb3+ Kf8 38. Bc4 Bc2 0-1

[Event "Verbandsliga Sued Baden 9899"]
[Site "Germany"]
[Date "1999.02.07"]
[Round "6.3"]
[White "Diek, Heinrich"]
[Black "Schaedler, Juergen"]
[Result "0-1"]
[WhiteElo "2270"]
[BlackElo "2135"]
[PlyCount "52"]
[EventDate "1998.10.??"]
[EventType "team"]
[EventRounds "9"]
[EventCountry "GER"]
[SourceTitle "EXT 2004"]
[Source "ChessBase"]
[SourceDate "2003.11.25"]
[SourceVersion "1"]
[SourceVersionDate "2003.11.25"]
[SourceQuality "1"]
[WhiteTeam "Waldshut II"]
[BlackTeam "Gottmadingen"]
[WhiteTeamCountry "GER"]
[BlackTeamCountry "GER"]

1. e4 e6 2. d4 d5 3. Nc3 Nf6 4. e5 Nfd7 5. f4 c5 6. Nf3 Nc6 7. Be2 a6 8. Kf1 cxd4 9. Nxd4 Nxd4 10. Qxd4 Bc5 11. Qd3 0-0 12. Qh3 Qe7 13. Bd3 g6 14. g4 f6 15. exf6 Qxf6 16. g5 Qf7 17. Kg2 e5 18. Rf1 e4 19. Be2 Ne5 20. Qg3 Nc6 21. b3 Nd4 22. Bd1 Nf5 23. Qe1 b5 24. Ne2 d4 25. Ng3 Bb7 26. Nxe4 Ne3+ 0-1